000 00698nam a2200217Ia 4500
003 GCL
008 140319s9999 xx 000 0 ara d
020 _a1613208977
040 _aGCL /
_cGCL
082 0 4 _a248.2
_bس ف
100 1 _aسالم بن هلال الخروصى
245 1 0 _aالفكر السياسى عند الاباضية والزيدية /
_cسالم بن هلال الخروصى
250 _aالاولى
260 _aالقاهرة :
_bمكتبة مدبولى ،
_c2006
300 _a268 ص ؛
_c24 سم
650 0 4 _aالزيدية
650 0 4 _aالاباضية
650 0 4 _aالامامة عند الشيعة
650 0 4 _aفقه الاباضية
942 _2ddc
_cBK
999 _c9500
_d9500